000 00356nam a2200133Ia 4500
008 240624s9999 xx 000 0 und d
041 _aeng
082 _a371.33 AND
100 _aANDREWS RICHARD
245 _aSAGE HANDBOOK OF E LEARNING RESEARCH
260 _c2008
_aLondon
_bSage International
300 _axix, : 539 : p. : cm. ; 25
365 _cGBP
_b38
999 _c22556
_d22556